000 00505nam a2200193Ia 4500
003 GCL
040 _aGCL /
_cGCL
082 0 4 _aCC
_b932
_bS M
100 1 _aSIBBES, G.J.F. KATER
245 1 0 _aTHE MONUMENTS OF THE HELLENISTIC - ROMAN PERIOD FROM EGYPT: APIS 1 /
_cSIBBES, G.J.F. KATER
700 1 _aVERMOSEREN, M. J.
260 _a[S.N] :
_bE. J. BRILL ،
_c1975
300 _a65 P
650 0 4 _aAPIS
650 0 4 _aANCIENT EGYPT
650 0 4 _aEGYPTOLOGY
650 0 4 _aPREHISTORY
942 _2ddc
_cBK
999 _c10845
_d10845